[Event "Moscow-ch"]
[Site "Moscow"]
[Date "2000.??.??"]
[Round "7"]
[White "Janturin, Artur"]
[Black "Lazarev, Sergei G"]
[Result "1-0"]
[WhiteElo "2241"]
[BlackElo "2428"]
[PlyCount "51"]
[EventDate "2000.05.??"]
[EventType "swiss"]
[EventRounds "9"]
[EventCountry "RUS"]
[SourceTitle "EXT 2001"]
[Source "ChessBase"]
[SourceDate "2000.11.22"]
[SourceVersion "1"]
[SourceVersionDate "2000.11.22"]
[SourceQuality "1"]

1. e4 Nf6 2. e5 Nd5 3. d4 d6 4. Nf3 g6 5. Bc4 Nb6 6. Bb3 Bg7 7. exd6 cxd6 8. 0-0 Nc6 9. c3 0-0 10. Bg5 Qc7 11. Nbd2 h6 12. Bh4 Bf5 13. Re1 e5 14. Bg3 exd4 15. Nxd4 Nxd4 16. cxd4 Bxd4 17. Ne4 Bxb2 18. Bxd6 Qc6 19. Bxf8 Bxe4 20. Bxh6 Kh7 21. Bg5 Bxa1 22. Qxa1 Bd5 23. Re3 Bxg2 24. Rc3 Qb5 25. Rg3 Bf3 26. Qf6 1-0

[Event "RUS-chT clubs 1L"]
[Site "Korolev"]
[Date "2000.??.??"]
[Round "8"]
[White "Lazarev, Sergei G"]
[Black "Gutov, Andrey"]
[Result "1-0"]
[WhiteElo "2387"]
[BlackElo "2497"]
[PlyCount "45"]
[EventDate "2000.??.??"]
[EventType "team"]
[EventRounds "9"]
[EventCountry "RUS"]
[SourceTitle "EXT 2006"]
[Source "ChessBase"]
[SourceDate "2005.11.24"]
[SourceVersion "1"]
[SourceVersionDate "2005.11.24"]
[SourceQuality "1"]

1. d4 Nf6 2. c4 g6 3. Nc3 Bg7 4. e4 d6 5. Bd3 0-0 6. Nge2 e5 7. d5 Nh5 8. h3 f5 9. exf5 gxf5 10. g4 fxg4 11. hxg4 Bxg4 12. Qc2 h6 13. Be3 Nf4 14. Be4 Nd7 15. 0-0-0 Nf6 16. Rdg1 Bxe2 17. Bxf4 exf4 18. Qxe2 Nxe4 19. Nxe4 Kh8 20. Qh5 Qe7 21. Rg6 Rf7 22. Ng5 Raf8 23. Rxg7 1-0

[Event "RUS-chT clubs 1L"]
[Site "Korolev"]
[Date "2000.??.??"]
[Round "2"]
[White "Lazarev, Sergei G"]
[Black "Kuprijanov, Ilija"]
[Result "1/2-1/2"]
[WhiteElo "2387"]
[BlackElo "2343"]
[PlyCount "184"]
[EventDate "2000.??.??"]
[EventType "team"]
[EventRounds "9"]
[EventCountry "RUS"]
[SourceTitle "EXT 2006"]
[Source "ChessBase"]
[SourceDate "2005.11.24"]
[SourceVersion "1"]
[SourceVersionDate "2005.11.24"]
[SourceQuality "1"]

1. d4 d5 2. c4 e6 3. Nf3 Nf6 4. g3 Be7 5. Bg2 0-0 6. Qc2 dxc4 7. Qxc4 a6 8. 0-0 b5 9. Qc2 Bb7 10. Bg5 Nbd7 11. Nbd2 h6 12. Bxf6 Bxf6 13. Nb3 Rc8 14. a4 c6 15. Rad1 Qb6 16. Nc5 Nxc5 17. dxc5 Qc7 18. Nd2 Rcd8 19. Ne4 Be7 20. Qb3 e5 21. Bh3 Rd5 22. axb5 axb5 23. Nc3 Rxd1 24. Rxd1 Bxc5 25. Rd7 Qb6 26. Ne4 Bc8 27. Rxf7 Rxf7 28. Bxc8 Bxf2+ 29. Kg2 Qd4 30. Bf5 Qd5 31. Qxd5 cxd5 32. Be6 dxe4 33. Bxf7+ Kxf7 34. Kxf2 Ke6 35. Ke3 Kd5 36. g4 Kc4 37. Kxe4 Kb3 38. Kxe5 Kxb2 39. e4 b4 40. Kd6 b3 41. e5 Kc3 42. e6 b2 43. e7 b1Q 44. e8Q Qb4+ 45. Ke5 Qxg4 46. Qc6+ Kd2 47. Qd5+ Ke3 48. Qh1 Kf2 49. h4 Kg3 50. h5 Qg5+ 51. Ke6 Qf6+ 52. Kd7 Kg4 53. Ke8 Kg5 54. Qd5+ Qf5 55. Qh1 Kg4 56. Qd1+ Kh4 57. Qh1+ Qh3 58. Qd5 Qg4 59. Qh1+ Kg5 60. Qd5+ Qf5 61. Qh1 Kf6 62. Qh4+ Qg5 63. Qf2+ Qf5 64. Qh4+ Ke5 65. Qh2+ Ke4 66. Qg2+ Kf4 67. Qg6 Qf6 68. Qg1 Kf5 69. Qh1 Kg5 70. Qd5+ Qf5 71. Qh1 g6 72. hxg6 Qxg6+ 73. Ke7 Qf6+ 74. Kd7 Qf5+ 75. Ke7 h5 76. Qc1+ Qf4 77. Qg1+ Kh4 78. Qh1+ Kg4 79. Qg2+ Qg3 80. Qe4+ Kg5 81. Qd5+ Kh4 82. Qh1+ Qh3 83. Qe1+ Qg3 84. Qh1+ Kg4 85. Qe4+ Kh3 86. Qh1+ Qh2 87. Qf3+ Kh4 88. Qe4+ Kg3 89. Qe3+ Kg4 90. Qe6+ Kf3 91. Qf5+ Kg2 92. Qe4+ Kf2 1/2-1/2

[Event "Tula Club-ch op"]
[Site "Tula"]
[Date "2000.??.??"]
[Round "7"]
[White "Lazarev, Sergei G"]
[Black "Kuzin, Anton"]
[Result "1-0"]
[WhiteElo "2428"]
[BlackElo "2164"]
[PlyCount "55"]
[EventDate "2000.??.??"]
[EventType "swiss"]
[EventRounds "9"]
[EventCountry "RUS"]
[SourceTitle "EXT 2002"]
[Source "ChessBase"]
[SourceDate "2001.11.25"]
[SourceVersion "1"]
[SourceVersionDate "2001.11.25"]
[SourceQuality "1"]

1. d4 f5 2. Bg5 Nf6 3. Bxf6 exf6 4. e3 d5 5. Bd3 c6 6. Nd2 Bd6 7. Qf3 g6 8. h3 h5 9. g4 Na6 10. gxf5 g5 11. c3 Bd7 12. e4 Qb6 13. 0-0-0 Nc7 14. e5 Be7 15. Qe3 0-0-0 16. f4 gxf4 17. Qxf4 Rdg8 18. Ngf3 Nb5 19. Rdg1 c5 20. Bc2 c4 21. Rxg8+ Rxg8 22. Rg1 Rxg1+ 23. Nxg1 Qa5 24. Qg3 Ba3 25. Nb1 Be7 26. Qg8+ Kc7 27. Qxd5 Qxa2 28. Qf7 1-0

[Event "RUS-chT clubs 1L"]
[Site "Korolev"]
[Date "2000.??.??"]
[Round "6"]
[White "Lazarev, Sergei G"]
[Black "Shaposhnikov, Evgeny"]
[Result "1/2-1/2"]
[WhiteElo "2387"]
[BlackElo "2544"]
[PlyCount "90"]
[EventDate "2000.??.??"]
[EventType "team"]
[EventRounds "9"]
[EventCountry "RUS"]
[SourceTitle "EXT 2006"]
[Source "ChessBase"]
[SourceDate "2005.11.24"]
[SourceVersion "1"]
[SourceVersionDate "2005.11.24"]
[SourceQuality "1"]

1. d4 Nf6 2. c4 e6 3. g3 d5 4. Bg2 Bb4+ 5. Bd2 Be7 6. Qc2 0-0 7. Nf3 b6 8. cxd5 exd5 9. 0-0 Bb7 10. Nc3 Na6 11. Ne5 c5 12. dxc5 Nxc5 13. Rad1 Qc8 14. Qb1 d4 15. Nb5 Bxg2 16. Kxg2 Rd8 17. Bc1 Ne6 18. Nf3 Qc6 19. Na3 Rac8 20. Rd3 Nc5 21. Rdd1 Rd5 22. Nc2 Ne6 23. Nce1 Rc5 24. Bd2 Qd7 25. Nd3 Rh5 26. Rc1 Rd8 27. Rfd1 Qd5 28. Kg1 Qe4 29. Nf4 Nxf4 30. Bxf4 Qxe2 31. Nxd4 Qg4 32. Nc6 Rxd1+ 33. Rxd1 Qe6 34. Nxe7+ Qxe7 35. Qc1 h6 36. Qe3 Qxe3 37. Bxe3 Ng4 38. Rd8+ Kh7 39. Rd7 Nxe3 40. fxe3 Ra5 41. a3 Kg6 42. Kg2 h5 43. h4 Kf6 44. Rb7 Ke6 45. Kf3 g6 1/2-1/2

[Event "Tula op"]
[Site "Tula"]
[Date "2000.??.??"]
[Round "4"]
[White "Markov, Alexander"]
[Black "Lazarev, Sergei G"]
[Result "1/2-1/2"]
[WhiteElo "2220"]
[BlackElo "2428"]
[PlyCount "72"]
[EventDate "2000.??.??"]
[EventType "swiss"]
[EventRounds "10"]
[EventCountry "RUS"]
[SourceTitle "EXT 2001"]
[Source "ChessBase"]
[SourceDate "2000.11.22"]
[SourceVersion "1"]
[SourceVersionDate "2000.11.22"]
[SourceQuality "1"]

1. e4 Nf6 2. e5 Nd5 3. d4 d6 4. f4 dxe5 5. fxe5 c5 6. c3 Nc6 7. Nf3 Bg4 8. Bc4 e6 9. 0-0 Qb6 10. Kh1 0-0-0 11. Na3 cxd4 12. cxd4 Ndb4 13. Be3 Nxe5 14. Qc1 Nxf3 15. Bxe6+ Kb8 16. Bxg4 Nxd4 17. Rd1 Bc5 18. Nc4 Qb5 19. Bxd4 Rxd4 20. Rxd4 Bxd4 21. Qf4+ Ka8 22. Qxd4 Nc2 23. Qxg7 Re8 24. b3 Nxa1 25. Qxa1 Qb4 26. Be2 b5 27. Bf3+ Kb8 28. Ne5 Qd2 29. h3 Kc7 30. Qg1 Rxe5 31. Qxa7+ Kd6 32. Qb8+ Ke6 33. Bg4+ f5 34. Qe8+ Kf6 35. Qh8+ Ke6 36. Qe8+ Kf6 1/2-1/2

[Event "Centrocoop Sept op-A"]
[Site "Eforie Nord"]
[Date "1998.??.??"]
[Round "?"]
[White "Fufulyan, G."]
[Black "Lazarev, Sergei G"]
[Result "0-1"]
[WhiteElo "2100"]
[BlackElo "2440"]
[PlyCount "52"]
[EventDate "1998.09.??"]
[EventType "swiss"]
[EventRounds "11"]
[EventCountry "ROU"]
[SourceTitle "EXT 2000"]
[Source "ChessBase"]
[SourceDate "1999.11.16"]
[SourceVersion "1"]
[SourceVersionDate "1999.11.16"]
[SourceQuality "1"]

1. d4 Nf6 2. c4 e6 3. Nc3 Bb4 4. Qc2 0-0 5. Bg5 d6 6. a3 Bxc3+ 7. Qxc3 Nbd7 8. e3 b6 9. Bd3 Bb7 10. f3 Qe7 11. Qc2 h6 12. Bh4 c5 13. dxc5 Nxc5 14. Ne2 Rac8 15. Nc3 Ba6 16. Be2 Ncd7 17. b3 d5 18. cxd5 Bxe2 19. d6 Qxd6 20. Kxe2 Qe5 21. Rac1 Nd5 22. Be1 Qxe3+ 23. Kd1 Nxc3+ 24. Bxc3 Rfd8 25. Bd2 Nc5 26. Rb1 Ne4 0-1

[Event "Centrocoop Sept op-A"]
[Site "Eforie Nord"]
[Date "1998.??.??"]
[Round "?"]
[White "Lazarev, Sergei G"]
[Black "Iordache, Traian"]
[Result "1/2-1/2"]
[WhiteElo "2440"]
[BlackElo "2225"]
[PlyCount "69"]
[EventDate "1998.09.??"]
[EventType "swiss"]
[EventRounds "11"]
[EventCountry "ROU"]
[SourceTitle "EXT 2000"]
[Source "ChessBase"]
[SourceDate "1999.11.16"]
[SourceVersion "1"]
[SourceVersionDate "1999.11.16"]
[SourceQuality "1"]

1. d4 d5 2. c4 e6 3. Nf3 Nf6 4. g3 Be7 5. Bg2 0-0 6. 0-0 dxc4 7. Na3 c3 8. bxc3 c5 9. Ne5 Nd5 10. Qb3 cxd4 11. cxd4 f6 12. Nf3 Nc6 13. Bd2 Bxa3 14. Qxa3 Nb6 15. Rac1 Nxd4 16. Nxd4 Qxd4 17. Bb4 Re8 18. Rfd1 Qg4 19. Bf3 Qg6 20. Bc5 Nd5 21. e4 Nc7 22. Be3 Na6 23. e5 Qf7 24. Qa4 fxe5 25. Be4 Rb8 26. Qc2 g6 27. Qb2 b6 28. Bc6 Bb7 29. Rd7 Re7 30. Bxb7 Rxd7 31. Bxa6 Qf5 32. Be2 Rbd8 33. Qb5 h5 34. h4 Rf7 35. Rc6 1/2-1/2

[Event "Centrocoop Sept op-A"]
[Site "Eforie Nord"]
[Date "1998.??.??"]
[Round "?"]
[White "Zhidkov, Valery S"]
[Black "Lazarev, Sergei G"]
[Result "1/2-1/2"]
[WhiteElo "2400"]
[BlackElo "2440"]
[PlyCount "34"]
[EventDate "1998.09.??"]
[EventType "swiss"]
[EventRounds "11"]
[EventCountry "ROU"]
[SourceTitle "EXT 2000"]
[Source "ChessBase"]
[SourceDate "1999.11.16"]
[SourceVersion "1"]
[SourceVersionDate "1999.11.16"]
[SourceQuality "1"]

1. d4 Nf6 2. c4 e6 3. Nc3 Bb4 4. Qc2 0-0 5. a3 Bxc3+ 6. Qxc3 Ne4 7. Qc2 f5 8. Nf3 b6 9. g3 Bb7 10. Bg2 Nf6 11. 0-0 Be4 12. Qc3 Qe7 13. Bg5 h6 14. Bxf6 Qxf6 15. Ne5 Bxg2 16. Kxg2 Rc8 17. c5 Nc6 1/2-1/2

[Event "Moscow op2"]
[Site "Moscow"]
[Date "1995.??.??"]
[Round "4"]
[White "Lazarev, Sergei G"]
[Black "Elfert, Aleksandr V"]
[Result "1-0"]
[WhiteElo "2345"]
[BlackElo "2195"]
[PlyCount "69"]
[EventDate "1995.11.??"]
[EventType "swiss"]
[EventRounds "9"]
[EventCountry "RUS"]
[SourceTitle "EXT 1998"]
[Source "ChessBase"]
[SourceDate "1997.11.17"]
[SourceVersion "1"]
[SourceVersionDate "1997.11.17"]
[SourceQuality "1"]

1. d4 e6 2. Nf3 Nf6 3. c4 b6 4. g3 Bb4+ 5. Bd2 Bxd2+ 6. Qxd2 Bb7 7. Bg2 0-0 8. Nc3 d6 9. Qc2 Nbd7 10. e4 Qe7 11. 0-0 c5 12. e5 dxe5 13. dxe5 Ng4 14. Rae1 Rab8 15. h3 Bxf3 16. Bxf3 Ngxe5 17. Bg2 Qf6 18. Ne4 Nf3+ 19. Kh1 Qf5 20. Re3 Nd4 21. Qa4 Nf6 22. Qxa7 Nxe4 23. Rxe4 g5 24. Re3 h5 25. Qc7 Rfc8 26. Qa7 Kg7 27. Kh2 h4 28. Kg1 g4 29. hxg4 Qc2 30. gxh4 Ne2+ 31. Kh2 Nf4 32. Qe7 Nxg2 33. Qg5+ Kf8 34. Kxg2 Qxc4 35. Rd1 1-0